| 000 | 00000cgm 2200000zi 4500 |
| 001 | 9.962870 |
| 003 | CaOODSP |
| 005 | 20260605133438 |
| 006 | m o c f |
| 007 | cr cna|||||||| |
| 007 | vz czazuu |
| 008 | 260515e20250731onc003 fo vlfre d |
| 020 | |a9780660999784 |
| 040 | |aCaOODSP|bfre|erda|cCaOODSP |
| 043 | |an-cn-on |
| 086 | 1 |aCH57-4/90-2026F-MP4 |
| 245 | 00|aRetour sur Portes ouvertes 2025. |
| 264 | 1|a[Ottawa] : |bInstitut canadien de conservation = Canadian Conservation Institute, |c[Jul 31, 2025] |
| 300 | |a1 ressource en ligne (1 fichier vidéo (3 min., 19 sec.)) : |bsonore, couleur |
| 336 | |aimage animée bidimensionnelle|btdi|2rdacontent/fre |
| 337 | |ainformatique|bc|2rdamedia/fre |
| 338 | |aressource en ligne|bcr|2rdacarrier/fre |
| 500 | |a« Vidéos de l'ICC. » |
| 500 | |aPublié aussi en anglais sous le titre : Doors Open 2025 recap. |
| 500 | |aDisponible en streaming vidéo ou en fichier MP4 téléchargeable. |
| 520 | |a« Voilà qui conclut l'édition de 2025 de Portes ouvertes Ottawa! Un énorme merci à toutes les personnes qui se sont présentées, ont posé des questions et ont exploré nos laboratoires » -- Fourni par l'éditeur. |
| 588 | |aDescription basée sur la ressource en ligne; titre de l'écran titre (Institut canadien de conservation, consulté le 5 juin 2026). |
| 610 | 26|aInstitut canadien de conservation|xFonctionnaires|vEntretiens. |
| 650 | 6|aLaboratoires de conservation (BIbliothèques)|zCanada. |
| 650 | 6|aBâtiments publics|zOntario|zOttawa. |
| 655 | 7|aVidéos sur Internet|2rvmgf |
| 655 | 7|aMatériel d'éducation et de formation|2rvmgf |
| 655 | 7|aInterviews|2rvmgf |
| 710 | 2 |aInstitut canadien de conservation, |eorganisme de publication. |
| 775 | 08|tDoors Open 2025 recap.|w(CaOODSP)9.962865 |
| 856 | 40|qMP4|s450 Mo|uhttps://publications.gc.ca/collections/collection_2026/pch/CH57-4-90-2026-fra.mp4 |
| 856 | 4 |qHTML|sS.O.|uhttps://www.youtube.com/watch?v=HOtWoV2BeKM |